傾城一諾 . 小試鋒芒 . 3
| 資料類型: | 圖書 | 書目號: | 51028 |
Leader xxxxxxxxxx 001 __ 102459/1/01 005 __ 20170410105854.187 010 0_ |a9789869383028|b第3冊 : 平裝|d新臺幣280元 042 __ |anbic 100 __ |a20170410d2016 k y0chiy50 b 101 0_ |achi 102 __ |atw 105 __ |ay z 000ay 200 1_ |a傾城一諾|h3|i小試鋒芒|f鳳今著 205 __ |a初版 210 __ |a臺北市|c晴空出版|c家庭傳媒城邦分公司發行|d2016[民105] 215 0_ |a410面|d21公分 225 12 |a悅讀NOVEL|v3 517 1_ |a小試鋒芒|zchi 606 __ |2cst|a長篇小說 700 _0 |a鳳今|4著 681 __ |a857.7|b856 v.3 801 _0 |atw|bLibDipper|c20170410|gCCR |